| 000 | 00464nam a2200181Ia 4500 | ||
|---|---|---|---|
| 008 | 240925s9999 xx 000 0 und d | ||
| 020 | _a9789380027845 | ||
| 082 | _a621.312 SIG | ||
| 100 | _aSingh, Tarlok | ||
| 245 | 0 | _aUtilization of Electric Energy | |
| 250 | _aNA | ||
| 260 |
_aNew Delhi: _bS.K.Kataria & sons _c,2012. |
||
| 300 |
_a1339p. _b0 _fOriginal |
||
| 500 | _aIncludes Index | ||
| 600 | _aPower Engineering | ||
| 650 | _aTechnology | ||
| 942 | _cBK | ||
| 999 |
_c13594 _d13594 |
||